Ekonomické pozície agrárnych podnikov pre vstupom doi EÚ

Identifikácia súčasných produkčných a ekonomických parametrov poľnohospodárstva SR v kontexte s agrárnym sektorom EÚ a posúdenie úrovne jeho pripravenosti na vstup do EÚ. V príspevku uvedené medzinárodné komparácie o výkonnosti a produktivite agrárneho sektora v krajinách EÚ a SR svedčia o dosť nevý...

Full description

Saved in:
Bibliographic Details
Main Author: Grznár, Miroslav
Format: Book Chapter
Language:Slovak
Subjects:
Tags: Add Tag
No Tags, Be the first to tag this record!

MARC

LEADER 00000naa$a2200000$$$4500
001 0017446
005 20240502071403.8
041 0 |a slo 
044 |a SK 
245 1 0 |a Ekonomické pozície agrárnych podnikov pre vstupom doi EÚ  |c Miroslav Grznár 
520 |a Identifikácia súčasných produkčných a ekonomických parametrov poľnohospodárstva SR v kontexte s agrárnym sektorom EÚ a posúdenie úrovne jeho pripravenosti na vstup do EÚ. V príspevku uvedené medzinárodné komparácie o výkonnosti a produktivite agrárneho sektora v krajinách EÚ a SR svedčia o dosť nevýhodných východiskových pozíciách našich výrobcov poľnohospodárskych potravín a surovín. 
610 2 0 |a poľnohospodárstvo 
610 2 0 |a výroba poľnohospodárska 
610 2 0 |a produktivita 
610 2 0 |a výkonnosť 
610 2 0 |a ukazovatele ekonomické 
610 2 0 |a ukazovatele produkcie 
610 2 0 |a Slovensko 
610 2 0 |a Európska únia 
610 2 0 |a porovnanie medzinárodné 
100 1 |a Grznár, Miroslav